00983nam a2200277Ia 4500008004100000020001800041100001900059245002600078245004600104260001500150260002000165260000900185300001600194300002100210300001100231500008000242650005500322650005600377650007900433650002500512650002500537650002500562700000800587999001900595952009100614160803s9999 xx 000 0 und d a9780439173155 aDePaola, Tomie a26 Fairmount Avenue / cwritten and illustrated by Tomie dePaola. aNew York : bScholastic Inc. c1999 a56 pages :  billustrations ;  c22 cm. a"This edition is only available for distribution through the school market" aAuthors, American -- 20th century -- Biography --  aDePaola, Tomie, -- 1934- -- Childhood and youth --  aDePaola, Tomie, -- 1934- -- Homes and haunts -- Connecticut -- Meriden --  xJuvenile literature. xJuvenile literature. xJuvenile literature. a760 c298122d298122 001040aSSISBbSSISBcLEXd2016-08-03l0pSC-048r2016-08-03 00:00:00w2016-08-03yBK